|
|
|
|
| LEADER |
00000nam0a2200000 4500 |
| 001 |
294051 |
| 005 |
20231102000644.0 |
| 035 |
|
|
|a (RuTPU)RU\TPU\book\319101
|
| 090 |
|
|
|a 294051
|
| 100 |
|
|
|a 20150508d1983 m y0rusy50 ca
|
| 101 |
0 |
|
|a rus
|
| 102 |
|
|
|a RU
|
| 105 |
|
|
|a a j 001zy
|
| 200 |
1 |
|
|a Проектирование и расчет железобетонных конструкций одноэтажных производственных зданий
|e учебное пособие
|f К. С. Дорофеев, А. А. Иоаннисян
|g Ростовский инженерно-строительный институт
|
| 210 |
|
|
|a Ростов-на-Дону
|c Изд-во РИСИ
|d 1983
|
| 215 |
|
|
|a 86 с.
|c ил.
|
| 320 |
|
|
|a Библиогр.: с. 83
|
| 606 |
1 |
|
|a Железобетонные конструкции
|2 stltpush
|3 (RuTPU)RU\TPU\subj\10630
|9 37672
|
| 610 |
1 |
|
|a одноэтажные производственные здания
|
| 610 |
1 |
|
|a нагрузки
|
| 610 |
1 |
|
|a воздействия
|
| 610 |
1 |
|
|a поперечные рамы
|
| 610 |
1 |
|
|a расчет
|
| 610 |
1 |
|
|a конструктивные элементы
|
| 610 |
1 |
|
|a технико-экономическая оценка
|
| 610 |
1 |
|
|a учебные пособия
|
| 675 |
|
|
|a 624.012.45(075.8)
|v 4
|
| 700 |
|
1 |
|a Дорофеев
|b К. С.
|g Константин Сергеевич
|
| 701 |
|
1 |
|a Иоаннисян
|b А. А.
|g Александр Артемьевич
|
| 712 |
0 |
2 |
|a Ростовский инженерно-строительный институт
|2 stltpush
|3 (RuTPU)RU\TPU\col\10045
|9 24785
|
| 801 |
|
1 |
|a RU
|b 63413507
|c 20150508
|
| 801 |
|
2 |
|a RU
|b 63413507
|c 20181203
|g RCR
|
| 942 |
|
|
|c BK
|